La señora Pinkerton ha desaparecido /
Guardado en:
| Autor Principal: | |
|---|---|
| Otros Autores: | |
| Formato: | Libro |
| Publicado: |
Buenos Aires :
Norma,
2022.
|
| Edición: | 2a ed. |
| Series: | Torre. Amarilla
|
| Materias: | |
| Etiquetas: |
Agregar Etiqueta
Sin Etiquetas, Sea el primero en etiquetar este registro!
|
| LEADER | 00966nam a22002775a 4500 | ||
|---|---|---|---|
| 001 | CEM.cems019054 | ||
| 008 | 220422s2022####ag############000#0#####d | ||
| 005 | 20250522081949.0 | ||
| 245 | 1 | 0 | |a La señora Pinkerton ha desaparecido / |c Sergio Aguirre; ilustrado por Santiago Caruso. |
| 250 | |a 2a ed. | ||
| 260 | |a Buenos Aires : |b Norma, |c 2022. | ||
| 300 | |a 96 p. | ||
| 490 | 0 | |a Torre. Amarilla | |
| 020 | |a 9789878070087 | ||
| 100 | 1 | |a Aguirre, Sergio | |
| 700 | 1 | |a Caruso, Santiago. | |
| 653 | |a Literatura | ||
| 653 | |a Literatura Argentina | ||
| 653 | |a Literatura Infantil | ||
| 653 | |a Literatura Juvenil | ||
| 653 | |a Novelas | ||
| 653 | |a Novela Infantil | ||
| 859 | |a CEMS |b BIB. CEMS - Agricultura |h A863.4 |i Ag93-3 |p A3821.25 |t Ej.1 | ||
| 859 | |a CEMS |b BIB. CEMS - Inicial y Primaria |h A863.4 |i Ag93 |k IP |p 6355 |t Ej.1 | ||
| 859 | |a CEMS |b BIB. CEMS - 11 de abril |h A863.4 |i Ag93-5 |p 29295.22 |t Ej. 1 | ||
| 859 | |a CEMS |b BIB. CEMS - 11 de abril |h A863.4 |i Ag93-5 |p 29406.23 |t Ej.2 | ||
